| 000 | 00923cab a2200265 4500 | ||
|---|---|---|---|
| 001 | WB3439-28 | ||
| 008 | 090401t1998 xxu||||| |||| 00| 0 eng d | ||
| 035 | _a(Sirsi) u88955 | ||
| 041 | _aeng | ||
| 245 | _aLandlords and tenants fight for a quiet life | ||
| 260 | _c1998 | ||
| 350 | _a0 | ||
| 490 |
_aBirmingham Post _v12 October 1998, 4(1) |
||
| 520 | _aAccording to the Chartered Institute of Housing, landlords are resorting to CCTV, home security and special clauses written into tenancy agreements, to protect their properties from anti-social tenants. | ||
| 650 | _aANTI-SOCIAL BEHAVIOUR | ||
| 650 | _aCCTV | ||
| 650 | _aCRIME AND DISORDER ACT 1998 | ||
| 650 | _aLANDLORDS | ||
| 650 | _aNUISANCE NEIGHBOURS | ||
| 650 | _aSECURITY MEASURES | ||
| 650 | _aTENANTS | ||
| 690 | _aPROPERTY-RESIDENTIAL PROPERTY-RESIDENTIAL LANDLORD AND TENANT-RESIDENTIAL TENANCIES | ||
| 942 | _n0 | ||
| 948 | _c13/10/1998 | ||
| 999 |
_c56242 _d56242 |
||